Central Library OPAC University of Rajshahi

The engineering of microelectronic thin and thick films / (Record no. 13675)

MARC details
000 -LEADER
fixed length control field 00811cam a2200277 i 4500
001 - CONTROL NUMBER
control field 13675
003 - CONTROL NUMBER IDENTIFIER
rucl marc code BD-RjUL
005 - DATE AND TIME OF LATEST TRANSACTION
control field 20211208235508.0
008 - FIXED-LENGTH DATA ELEMENTS--GENERAL INFORMATION
fixed length control field 140201s1976 enka b 001 0 eng
020 ## - INTERNATIONAL STANDARD BOOK NUMBER
International Standard Book Number 0333186559
035 ## - SYSTEM CONTROL NUMBER
System control number (BD-RjUL)13727
040 ## - CATALOGING SOURCE
Original cataloging agency DLC
Transcribing agency BD-RjUL
Modifying agency BD-RjUL
Language of cataloging eng
041 ## - LANGUAGE CODE
Language code of text/sound track or separate title eng
082 00 - DEWEY DECIMAL CLASSIFICATION NUMBER
Classification number 621.38173
Author mark and year JOE 1976
100 1# - MAIN ENTRY--PERSONAL NAME
Personal name Jowett, C. E.
Fuller form of name (Charles Eric)
9 (RLIN) 42807
245 14 - TITLE STATEMENT
Title The engineering of microelectronic thin and thick films /
Statement of responsibility, etc. [by] C. E. Jowett.
260 ## - PUBLICATION, DISTRIBUTION, ETC. (IMPRINT)
Place of publication, distribution, etc. London :
Name of publisher, distributor, etc. Macmillan,
Date of publication, distribution, etc. 1976.
300 ## - PHYSICAL DESCRIPTION
Pagination vii, 176 p. :
Illustrations ill. ;
Size 24 cm.
500 ## - GENERAL NOTE
General note Includes index.
504 ## - BIBLIOGRAPHY, ETC. NOTE
Bibliography, etc Bibliography: p. 168-174.
650 #0 - SUBJECT ADDED ENTRY--TOPICAL TERM
Topical term or geographic name as entry element Thin-film circuits.
9 (RLIN) 42808
Topical term or geographic name as entry element Thick-film circuits.
9 (RLIN) 42809
942 ## - ADDED ENTRY ELEMENTS (KOHA)
Source of classification or shelving scheme Dewey Decimal Classification
Koha item type Books
Holdings
Lost status Source of classification or shelving scheme Damaged status Not for loan Collection code Permanent Location Current Location Shelving location Date acquired Source of acquisition Cost, normal purchase price Total Checkouts Full call number Date last seen Copy number Koha item type
  Dewey Decimal Classification     Non-fiction Central Library, University of Rajshahi Central Library, University of Rajshahi   29/02/1980 Heffers 14.00   621.38173 JOE 1976 01/02/2014 C-2 Books